連体助詞・助詞のつく駅名 - Statistics

General Stats
  • This quiz has been taken 25 times
  • The average score is 73 of 388
Answer Stats
Hint Answer % Correct
東京都 四ツ谷
79%
愛知県 | 神奈川県 藤が丘
71%
71%
神奈川県 市が尾
64%
東京都 自由が丘
64%
兵庫県 三ノ宮
64%
東京都 市ケ谷
57%
神奈川県 桜ヶ丘
57%
大阪府 萩ノ茶屋
57%
神奈川県 三ツ境
57%
神奈川県 梶が谷
50%
神奈川県 茅ケ崎
50%
千葉県 鎌ヶ谷
50%
愛知県 自由ヶ丘
50%
千葉県 新鎌ヶ谷
50%
奈良県 高の原
50%
熊本県 南阿蘇水の生まれる里白水高原
50%
大阪府 四ツ橋
50%
東京都 光が丘
43%
三重県 南が丘
43%
東京都 阿佐ケ谷
43%
東京都 霞ケ関
43%
神奈川県 保土ケ谷
43%
東京都 南阿佐ケ谷
43%
東京都 市ヶ谷
43%
埼玉県 霞ヶ関
43%
千葉県 鎌ヶ谷大仏
43%
埼玉県 狭山ヶ丘
43%
神奈川県 新百合ヶ丘
43%
東京都 つつじヶ丘
43%
大阪府 鶴ヶ丘
43%
東京都 ひばりヶ丘
43%
神奈川県 百合ヶ丘
43%
北海道 あいの里教育大
43%
千葉県 印西牧の原
43%
千葉県 流山おおたかの森
43%
東京都 竹ノ塚
43%
大阪府 鳥取ノ荘
43%
山梨県 三つ峠
43%
新潟県 内野西が丘
36%
東京都 久が原
36%
東京都 雑司が谷
36%
兵庫県 | 北海道 | 東京都 緑が丘
36%
北海道 百合が原
36%
神奈川県 北茅ケ崎
36%
大阪府 泉ヶ丘
36%
東京都 梅ヶ丘
36%
東京都 聖蹟桜ヶ丘
36%
東京都 祖師ヶ谷大蔵
36%
宮城県 榴ヶ岡
36%
埼玉県 鶴ヶ島
36%
神奈川県 鶴ヶ峰
36%
東京都 都電雑司ヶ谷
36%
東京都 富士見ヶ丘
36%
大阪府 | 愛知県 星ヶ丘
36%
三重県 | 京都府 松ヶ崎
36%
大阪府 三国ヶ丘
36%
栃木県 おもちゃのまち
36%
千葉県 柏の葉キャンパス
36%
千葉県 公津の杜
36%
北海道 中の島
36%
神奈川県 溝の口
36%
岩手県 一ノ関
36%
神奈川県 江ノ島
36%
東京都 御茶ノ水
36%
神奈川県 片瀬江ノ島
36%
和歌山県 紀伊中ノ島
36%
和歌山県 紀ノ川
36%
滋賀県 木ノ本
36%
神奈川県 武蔵溝ノ口
36%
大阪府 森ノ宮
36%
秋田県 四ツ小屋
36%
三重県 桔梗が丘
29%
福岡県 三国が丘
29%
神奈川県 南万騎が原
29%
千葉県 八千代緑が丘
29%
千葉県 ユーカリが丘
29%
東京都 雪が谷大塚
29%
東京都 西ケ原
29%
大阪府 三国ケ丘
29%
神奈川県 井土ヶ谷
29%
岐阜県 苧ヶ瀬
29%
岐阜県 各務ヶ原
29%
奈良県 学研奈良登美ヶ丘
29%
東京都 鐘ヶ淵
29%
愛知県 三ヶ根
29%
神奈川県 七里ヶ浜
29%
京都府 月ヶ瀬口
29%
東京都 幡ヶ谷
29%
愛知県 向ヶ丘
29%
神奈川県 向ヶ丘遊園
29%
神奈川県 由比ヶ浜
29%
北海道 あいの里公園
29%
三重県 池の浦
29%
東京都 鵜の木
29%
神奈川県 海の公園柴口
29%
神奈川県 海の公園南口
29%
奈良県 萩の台
29%
東京都 旗の台
29%
静岡県 東田子の浦
29%
埼玉県 藤の牛島
29%
大阪府 美加の台
29%
埼玉県 一ノ割
29%
福岡県 海ノ中道
29%
京都府 帷子ノ辻
29%
大阪府 上ノ太子
29%
大阪府 沢ノ町
29%
東京都 新御茶ノ水
29%
大阪府 諏訪ノ森
29%
東京都 虎ノ門
29%
東京都 虎ノ門ヒルズ
29%
奈良県 新ノ口
29%
大阪府 土師ノ里
29%
福島県 原ノ町
29%
神奈川県 堀ノ内
29%
東京都 三ノ輪
29%
東京都 三ノ輪橋
29%
神奈川県 宮ノ下
29%
宮城県 陸前原ノ町
29%
愛知県 一ツ木
29%
愛知県 二ツ杁
29%
神奈川県 三ツ沢上町
29%
神奈川県 三ツ沢下町
29%
石川県 三ツ屋
29%
東京都 四ツ木
29%
北海道 ひばりが丘
21%
東京都 松が谷
21%
神奈川県 ゆめが丘
21%
茨城県 阿字ヶ浦
21%
埼玉県 芦ヶ久保
21%
青森県 鰺ヶ沢
21%
奈良県 尼ヶ辻
21%
青森県 碇ヶ関
21%
三重県 五十鈴ヶ丘
21%
神奈川県 稲村ヶ崎
21%
岩手県 金ヶ崎
21%
滋賀県 瓦ヶ浜
21%
神奈川県 希望ヶ丘
21%
山口県 櫛ヶ浜
21%
東京都 恋ヶ窪
21%
大阪府 駒ヶ谷
21%
大阪府 四天王寺前夕陽ヶ丘
21%
三重県 島ヶ原
21%
愛知県 須ヶ口
21%
岐阜県 関ヶ原
21%
千葉県 袖ヶ浦
21%
東京都 西ヶ原四丁目
21%
和歌山県 二里ヶ浜
21%
東京都 有明テニスの森
21%
東京都 井の頭公園
21%
岡山県 上の町
21%
愛知県 | 神奈川県 こどもの国
21%
宮崎県 子供の国
21%
神奈川県 湘南江の島
21%
東京都 鷹の台
21%
福島県 塔のへつり
21%
東京都 日の出
21%
徳島県 文化の森
21%
愛知県 五ノ三
21%
東京都 鷺ノ宮
21%
大阪府 桜ノ宮
21%
大阪府 汐ノ宮
21%
大阪府 住ノ江
21%
大阪府 高見ノ里
21%
大阪府 天神ノ森
21%
三重県 長太ノ浦
21%
奈良県 西ノ京
21%
佐賀県 虹ノ松原
21%
岐阜県 飛騨一ノ宮
21%
滋賀県 松ノ馬場
21%
大阪府 八戸ノ里
21%
大阪府 吉見ノ里
21%
福島県 夜ノ森
21%
石川県 七ツ屋
21%
兵庫県 青野ヶ原
14%
福島県 安子ヶ島
14%
宮城県 | 宮崎県 | 富山県 旭ヶ丘
14%
島根県 朝日ヶ丘
14%
三重県 梅ヶ谷
14%
山口県 梅ヶ峠
14%
兵庫県 江井ヶ島
14%
静岡県 遠州西ヶ崎
14%
三重県 霞ヶ浦
14%
青森県 北金ヶ沢
14%
静岡県 狐ヶ崎
14%
千葉県 君ヶ浜
14%
新潟県 京ヶ瀬
14%
静岡県 城ヶ崎海岸
14%
秋田県 縄文小ヶ田
14%
千葉県 城見ヶ丘
14%
茨城県 長者ヶ浜潮騒はまなす公園前
14%
三重県 鼓ヶ浦
14%
福島県 七ヶ岳登山口
14%
兵庫県 西江井ヶ島
14%
山形県 鼠ヶ関
14%
東京都 箱根ヶ崎
14%
埼玉県 鳩ヶ谷
14%
千葉県 鰭ヶ崎
14%
静岡県 三ヶ日
14%
埼玉県 南鳩ヶ谷
14%
愛知県 三好ヶ丘
14%
福井県 あわら湯のまち
14%
兵庫県 一の鳥居
14%
兵庫県 鶯の森
14%
福岡県 江の浦
14%
滋賀県 河辺の森
14%
福岡県 源じいの森
14%
兵庫県 コウノトリの郷
14%
静岡県 さぎの宮
14%
群馬県 佐野のわたし
14%
福井県 泰澄の里
14%
茨城県 高田の鉄橋
14%
兵庫県 滝の茶屋
14%
神奈川県 都筑ふれあいの丘
14%
兵庫県 浜の宮
14%
大阪府 文の里
14%
北海道 宮の沢
14%
兵庫県 山の街
14%
三重県 湯の山温泉
14%
宮城県 六丁の目
14%
東京都 池ノ上
14%
和歌山県 磯ノ浦
14%
福井県 牛ノ谷
14%
京都府 蚕ノ社
14%
千葉県 上総一ノ宮
14%
長野県 篠ノ井
14%
滋賀県 島ノ関
14%
滋賀県 中ノ庄
14%
千葉県 仲ノ町
14%
愛知県 西ノ口
14%
京都府 二ノ瀬
14%
愛知県 丸ノ内
14%
東京都 宮ノ平
14%
東京都 宮ノ前
14%
京都府 | 広島県 山ノ内
14%
大阪府 三ツ松
14%
福島県 四ツ倉
14%
福井県 柿ケ島
7%
茨城県 龍ケ崎市
7%
岩手県 足ヶ瀬
7%
千葉県 姉ヶ崎
7%
大分県 天ヶ瀬
7%
石川県 粟ヶ崎
7%
福井県 牛ヶ原
7%
新潟県 内ヶ巻
7%
兵庫県 | 奈良県 霞ヶ丘
7%
富山県 釜ヶ淵
7%
宮城県 熊ヶ根
7%
山口県 越ヶ浜
7%
長野県 駒ヶ根
7%
滋賀県 醒ヶ井
7%
大阪府 忍ヶ丘
7%
山口県 四郎ヶ原
7%
長崎県 潜竜ヶ滝
7%
京都府 宝ヶ池
7%
愛知県 巽ヶ丘
7%
青森県 鶴ヶ坂
7%
大阪府 三ヶ山口
7%
京都府 夕日ヶ浦木津温泉
7%
佐賀県 吉野ヶ里公園
7%
岩手県 一の渡
7%
高知県 海の王迎
7%
兵庫県 尾上の松
7%
岡山県 子守唄の里高屋
7%
長野県 すずらんの里
7%
岡山県 早雲の里荏原
7%
神奈川県 彫刻の森
7%
福井県 西長田ゆりの里
7%
富山県 | 愛知県 丸の内
7%
兵庫県 三木上の丸
7%
東京都 宮の坂
7%
福岡県 宮の陣
7%
栃木県 ゆいの杜西
7%
栃木県 ゆいの杜東
7%
北海道 湯の川
7%
北海道 湯の川温泉
7%
富山県 相ノ木
7%
福島県 芦ノ牧温泉
7%
福島県 芦ノ牧温泉南
7%
鹿児島県 牛ノ浜
7%
大阪府 恵我ノ荘
7%
高知県 多ノ郷
7%
愛知県 加木屋中ノ池
7%
大阪府 神ノ木
7%
長野県 佐久海ノ口
7%
富山県 新相ノ木
7%
和歌山県 田井ノ瀬
7%
徳島県 田井ノ浜
7%
秋田県 鷹ノ巣
7%
愛知県 玉ノ井
7%
香川県 津島ノ宮
7%
山形県 手ノ子
7%
神奈川県 塔ノ沢
7%
和歌山県 西ノ庄
7%
北海道 沼ノ端
7%
東京都 鳩ノ巣
7%
徳島県 羽ノ浦
7%
神奈川県 日ノ出町
7%
大阪府 松ノ浜
7%
長野県 宮ノ越
7%
秋田県 羽後四ツ屋
7%
秋田県 二ツ井
7%
福岡県 希望が丘高校前
0%
福岡県 美咲が丘
0%
佐賀県 弥生が丘
0%
宮崎県 蓮ケ池
0%
愛知県 尼ヶ坂
0%
愛知県 杁ヶ池公園
0%
宮城県 梅ヶ沢
0%
北海道 駒ヶ岳
0%
兵庫県 駒ヶ林
0%
福島県 駒ヶ嶺
0%
福岡県 三ヶ森
0%
長野県 立ヶ花
0%
愛知県 茶屋ヶ坂
0%
北海道 千代ヶ丘
0%
岩手県 十府ヶ浦海岸
0%
高知県 西ヶ方
0%
鹿児島県 松ヶ浦
0%
宮崎県 万ヶ塚
0%
鹿児島県 宮ヶ浜
0%
大分県 柳ヶ浦
0%
鳥取県 弓ヶ浜
0%
茨城県 竜ヶ崎
0%
鹿児島県 竜ヶ水
0%
京都府 荒河かしの木台
0%
静岡県 いこいの広場
0%
熊本県 いこいの森
0%
高知県 梅の辻
0%
新潟県 大池いこいの森
0%
愛知県 尾張星の宮
0%
栃木県 かしの森公園前
0%
岩手県 角の浜
0%
長崎県 干拓の里
0%
大阪府 近義の里
0%
山形県 四季の郷
0%
青森県 津軽湯の沢
0%
福岡県 唐の原
0%
熊本県 光の森
0%
埼玉県 ひろせ野鳥の森
0%
高知県 宮の奥
0%
福島県 やながわ希望の森公園前
0%
長崎県 山の田
0%
栃木県 ゆいの杜中央
0%
岐阜県 湯の洞温泉口
0%
大阪府 綾ノ町
0%
熊本県 市ノ川
0%
山梨県 市ノ瀬
0%
岩手県 岩ノ下
0%
長野県 海ノ口
0%
佐賀県 浦ノ崎
0%
新潟県 小木ノ城
0%
長崎県 釜ノ鼻
0%
三重県 上ノ庄
0%
福岡県 雁ノ巣
0%
長野県 木ノ下
0%
富山県 越ノ潟
0%
鹿児島県 米ノ津
0%
大分県 坂ノ市
0%
大分県 下ノ江
0%
群馬県 上州一ノ宮
0%
青森県 諏訪ノ平
0%
三重県 関ノ宮
0%
愛媛県 鷹ノ子
0%
島根県 高ノ宮
0%
秋田県 滝ノ間
0%
鳥取県 津ノ井
0%
島根県 津ノ森
0%
茨城県 騰波ノ江
0%
愛媛県 鳥ノ木
0%
福島県 久ノ浜
0%
福岡県 藤ノ木
0%
長崎県 道ノ尾
0%
岩手県 山ノ目
0%
山口県 湯ノ峠
0%
熊本県 三ツ石
0%
福井県 八ツ島
0%
No matching quizzes found
Score Distribution
Percent of People with Each Score
Percentile by Number Answered
Your Score History
You have not taken this quiz